Die japanische herausforderung
Đã lưu trong:
| 主要作者: | |
|---|---|
| 格式: | 圖書 |
| 語言: | Undetermined |
| 出版: |
Berlin
Duncker & Humblot
1982
|
| 主題: | |
| 標簽: |
添加標簽
沒有標簽, 成為第一個標記此記錄!
|
| Thư viện lưu trữ: | Trung tâm Học liệu Trường Đại học Cần Thơ |
|---|
| LEADER | 00461nam a2200181Ia 4500 | ||
|---|---|---|---|
| 001 | CTU_86331 | ||
| 008 | 210402s9999 xx 000 0 und d | ||
| 082 | |a 380.1 | ||
| 082 | |b K91 | ||
| 100 | |a Kraus, Willy | ||
| 245 | 0 | |a Die japanische herausforderung | |
| 245 | 0 | |c Willy Kraus | |
| 260 | |a Berlin | ||
| 260 | |b Duncker & Humblot | ||
| 260 | |c 1982 | ||
| 650 | |a Economy policy | ||
| 904 | |i Năm | ||
| 980 | |a Trung tâm Học liệu Trường Đại học Cần Thơ | ||